000 00544nam a2200217Ia 4500
005 20230314135144.0
008 140110s9999 xx 000 0 und d
020 _a9789381703137
_cRs.60.00
040 _aLoreto College
041 _aEnglish
082 _a491.44
_bDUT
100 _aDutta Majumdar, Sabita
245 _aPrabad prabachan
_cSabita Dutta Majumdar
250 _a2nd ed.
260 _aKolkata
_bThima
_c2012
300 _a70p.
650 _aBengali language
651 _aBengali proverbs
850 _aLCLIB
942 _cBK
999 _c38603
_d89082